Handbook on self removal procedure under the central excise rules, 1944 (Record no. 500277)

000 -LEADER
fixed length control field 00427cam a22001097a 4500
008 - FIXED-LENGTH DATA ELEMENTS--GENERAL INFORMATION
fixed length control field 180718b1972 xxu||||| |||| 00| 0 eng d
082 ## - DEWEY DECIMAL CLASSIFICATION NUMBER
Classification number L2501x54 In2
245 ## - TITLE STATEMENT
Title Handbook on self removal procedure under the central excise rules, 1944
Statement of responsibility, etc. by Central Board of Excise and Customs, India
260 ## - PUBLICATION, DISTRIBUTION, ETC.
Place of publication, distribution, etc. Delhi
Name of publisher, distributor, etc. Central Excise Reorganisation Committee
Date of publication, distribution, etc. 1972
300 ## - PHYSICAL DESCRIPTION
Extent 64+p.
700 ## - ADDED ENTRY--PERSONAL NAME
Personal name India. Central Excise Reorganisation Committee
Holdings
Withdrawn status Lost status Damaged status Not for loan Permanent Location Current Location Date acquired Full call number Barcode Date last seen Price effective from Koha item type
        Indian Institute of Public Administration Indian Institute of Public Administration 2018-08-04 L2501x54 In2 G11602 2018-08-04 2018-08-04 G

Powered by Koha